| 000 -LEADER |
| fixed length control field |
00519cam a22001457a 4500 |
| 008 - FIXED-LENGTH DATA ELEMENTS--GENERAL INFORMATION |
| fixed length control field |
180718b-- xxu||||| |||| 00| 0 eng d |
| 082 ## - DEWEY DECIMAL CLASSIFICATION NUMBER |
| Classification number |
A81x54 91/20/PT 4A & 4B/D |
| 100 ## - MAIN ENTRY--PERSONAL NAME |
| Personal name |
Census of India 1991 |
| 245 ## - TITLE STATEMENT |
| Title |
Punjab: migration tables |
| 260 ## - PUBLICATION, DISTRIBUTION, ETC. |
| Place of publication, distribution, etc. |
Delhi |
| Name of publisher, distributor, etc. |
The Controller of Publications |
| Date of publication, distribution, etc. |
-- |
| 300 ## - PHYSICAL DESCRIPTION |
| Extent |
2vols. |
| 440 ## - SERIES STATEMENT/ADDED ENTRY--TITLE |
| Title |
Census of India 1991. Series-20, Punjab. Part VA & VB D series |
| 500 ## - GENERAL NOTE |
| General note |
v.2. 1998. Tables D-13, D-14, D-15, D-16(A), D-16(B) and D-17 |
| 650 ## - SUBJECT ADDED ENTRY--TOPICAL TERM |
| Topical term or geographic name entry element |
Punjab - Migration, Internal - Census |